[Event "Villalba op 1st"]
[Site "Villalba"]
[Date "2013.08.02"]
[Round "7.15"]
[White "Tevar Sanz, Gonzalo"]
[Black "Pradas Ojeda, Santiago"]
[Result "1/2-1/2"]
[WhiteElo "1829"]
[BlackElo "1682"]
[PlyCount "161"]
[EventDate "2013.07.27"]
[EventType "swiss"]
[EventRounds "9"]
[EventCountry "ESP"]
[SourceTitle "EXT 2024"]
[Source "ChessBase"]
[SourceDate "2023.10.10"]
[SourceVersion "1"]
[SourceVersionDate "2023.10.10"]
[SourceQuality "1"]

1. d4 d5 2. Bf4 e6 3. e3 Bd6 4. Bg3 Nf6 5. Nf3 Nbd7 6. Bd3 a6 7. Nbd2 b5 8. c3 Bb7 9. a4 Bc6 10. a5 0-0 11. Ne5 Bb7 12. Qf3 Be7 13. b4 Nxe5 14. dxe5 Ne8 15. h4 c5 16. Bxh7+ Kxh7 17. Qh5+ Kg8 18. Nf3 g6 19. Qh6 Ng7 20. Ng5 Bxg5 21. hxg5 Nh5 22. Rxh5 gxh5 23. g6 fxg6 24. Qxg6+ Kh8 25. Qxh5+ Kg7 26. Qg4+ Kf7 27. Bh4 Qc7 28. Qh5+ Kg8 29. Qg6+ Qg7 30. Qxe6+ Qf7 31. Qg4+ Qg7 32. Bg5 Qg6 33. Kd2 Rxf2+ 34. Ke1 Qf5 35. Qxf5 Rxf5 36. Bf4 Rh5 37. Kf2 Rf8 38. g4 Rxe5 39. Kg3 Re6 40. bxc5 Bc6 41. Re1 Be8 42. Rh1 Bg6 43. Kf2 Be4 44. Rh5 Kf7 45. Bd6 Rg8 46. Kg3 Bg6 47. Rxd5 Rxe3+ 48. Kf4 Rxc3 49. Bc7 Rc4+ 50. Ke5 Re8+ 51. Kd6 Re6+ 52. Kd7 Rce4 53. Bd6 Rxd6+ 54. Rxd6 Re7+ 55. Kc8 Be4 56. c6 b4 57. c7 b3 58. Kb8 b2 59. Rb6 Rxc7 60. Kxc7 b1Q 61. Rxb1 Bxb1 62. Kb6 Bd3 63. Kc5 Kf6 64. Kd4 Be2 65. Kc3 Bxg4 66. Kb2 Ke5 67. Ka3 Kd4 68. Kb4 Be6 69. Ka3 Kc5 70. Kb2 Kb4 71. Ka1 Kxa5 72. Kb2 Kb4 73. Ka1 Kc3 74. Kb1 a5 75. Ka1 a4 76. Kb1 Kd2 77. Ka1 Bg4 78. Kb1 Kd1 79. Ka1 Kd2 80. Ka2 Be6+ 81. Kb2 1/2-1/2

[Event "Villalba op 1st"]
[Site "Villalba"]
[Date "2013.07.31"]
[Round "5.22"]
[White "Del Pino de Castro, Ricardo"]
[Black "Pradas Ojeda, Santiago"]
[Result "0-1"]
[WhiteElo "1818"]
[BlackElo "1682"]
[PlyCount "78"]
[EventDate "2013.07.27"]
[EventType "swiss"]
[EventRounds "9"]
[EventCountry "ESP"]
[SourceTitle "EXT 2024"]
[Source "ChessBase"]
[SourceDate "2023.10.10"]
[SourceVersion "1"]
[SourceVersionDate "2023.10.10"]
[SourceQuality "1"]

1. c4 e5 2. Nc3 Nf6 3. g3 g6 4. Bg2 Bg7 5. Nf3 d6 6. d3 0-0 7. b4 Bd7 8. Nd2 Bc6 9. e4 Bd7 10. 0-0 Nc6 11. Rb1 Qc8 12. Ne2 Bg4 13. Qe1 Bh3 14. f4 Bxg2 15. Kxg2 exf4 16. Nxf4 g5 17. Ne2 Ne8 18. Nf3 h6 19. Bb2 Ne5 20. Nxe5 dxe5 21. Nc3 c6 22. b5 f5 23. bxc6 bxc6 24. exf5 Rxf5 25. Rxf5 Qxf5 26. Ne4 Rd8 27. Qe3 Qd7 28. Nc5 Qd6 29. Re1 e4 30. Bxg7 Nxg7 31. Nxe4 Qxd3 32. Nf6+ Kh8 33. Qxd3 Rxd3 34. Rb1 Rd8 35. Rb7 Rf8 36. Ng4 Nf5 37. Rxa7 h5 38. Nf2 g4 39. Re7 Nxe7 0-1

[Event "Collado Villalba op-B 25th"]
[Site "Collado Villalba"]
[Date "2008.08.22"]
[Round "1"]
[White "Pradas Ojeda, Santiago"]
[Black "Maseda Iglesias, Luis"]
[Result "1/2-1/2"]
[WhiteElo "1537"]
[BlackElo "1935"]
[PlyCount "132"]
[EventDate "2008.08.22"]
[EventType "swiss"]
[EventRounds "7"]
[EventCountry "ESP"]
[SourceTitle "CBM 126 Extra"]
[Source "ChessBase"]
[SourceDate "2008.11.05"]
[SourceVersion "1"]
[SourceVersionDate "2008.11.05"]
[SourceQuality "1"]

1. e4 e6 2. d4 d5 3. Nd2 c5 4. c3 Nc6 5. Ngf3 Qb6 6. exd5 exd5 7. Nb3 c4 8. Nbd2 Nf6 9. Be2 Bd6 10. 0-0 0-0 11. Re1 Bd7 12. Nf1 h6 13. Qc2 Rfe8 14. Ng3 Qc7 15. Nf5 Bf8 16. g3 Qc8 17. Ne3 Bh3 18. Bf1 Bxf1 19. Rxf1 Qh3 20. Qf5 Qxf5 21. Nxf5 b5 22. Bd2 Ne4 23. Ne3 Rad8 24. Rae1 b4 25. Kg2 g6 26. Re2 bxc3 27. bxc3 Rd7 28. Rd1 Rb8 29. Nxd5 Rxd5 30. Rxe4 Kg7 31. Bf4 Rb2 32. Rd2 Rb7 33. Rc2 g5 34. Bc1 Rdb5 35. Ree2 Bd6 36. Nd2 Na5 37. Nf1 Kg6 38. Ne3 Bf8 39. h3 Bd6 40. g4 Bf8 41. Nf5 Nc6 42. Re8 Bg7 43. Nd6 Rb8 44. Rxb8 Rxb8 45. Nxc4 Ne7 46. Ne3 Rc8 47. Bd2 f5 48. gxf5+ Nxf5 49. Nxf5 Kxf5 50. f3 Bxd4 51. c4 Rc6 52. Bb4 Kf4 53. c5 Ke3 54. Rc1 Kf4 55. Rc4 Ke5 56. Rc1 Kd5 57. Kg3 h5 58. h4 Be5+ 59. Kh3 gxh4 60. Kxh4 Rf6 61. Kxh5 Rxf3 62. c6 Rf5+ 63. Kg4 Rf4+ 64. Kg5 Rxb4 65. c7 Bxc7 66. Rxc7 Ra4 1/2-1/2